The radiance of ashes/ (Record no. 25576)
[ view plain ]
| 000 -LEADER | |
|---|---|
| fixed length control field | 00785nam a22002057a 4500 |
| 005 - DATE AND TIME OF LATEST TRANSACTION | |
| control field | 20190307161515.0 |
| 010 ## - LCCN (DPL NO) | |
| LC control number | B-284389, B-212764, B-212774 |
| 020 ## - INTERNATIONAL STANDARD BOOK NUMBER | |
| International Standard Book Number | 9780330482516 |
| Terms of availability | 275.00 |
| 020 ## - INTERNATIONAL STANDARD BOOK NUMBER | |
| International Standard Book Number | 0330482513 |
| Terms of availability | 275.00 |
| 035 ## - SYSTEM CONTROL NUMBER | |
| System control number | B-284389, B-212758, B-212764,B-212774,B-212770 |
| 037 ## - SOURCE OF ACQUISITION | |
| Source of stock number/acquisition | Super Book |
| 082 ## - DEWEY DECIMAL CLASSIFICATION NUMBER | |
| Classification number | N |
| 100 ## - MAIN ENTRY--PERSONAL NAME | |
| Personal name | Mistry, Cyrus |
| 245 ## - TITLE STATEMENT | |
| Title | The radiance of ashes/ |
| Statement of responsibility, etc | by Cyrus Mistry |
| 260 ## - PUBLICATION, DISTRIBUTION, ETC. (IMPRINT) | |
| Place of publication, distribution, etc | London |
| Name of publisher, distributor, etc | Picador |
| Date of publication, distribution, etc | 2005 |
| 270 ## - ADDRESS | |
| Address | Pan Macmillan, 20 New Wharf Road |
| City | London |
| Postal code | N I 9RR |
| Electronic mail address | www.panmacmillan.com |
| 300 ## - PHYSICAL DESCRIPTION | |
| Extent | 465p. |
| Other physical details | 20cm.(pbk) |
| 942 ## - ADDED ENTRY ELEMENTS (KOHA) | |
| Source of classification or shelving scheme | Dewey Decimal Classification |
| Item type | English Books |
| Call number suffix | MIS |
| Classification part | N |
| Withdrawn status | Lost status | Not for loan | Collection code | Home library | Current library | Date acquired | Source of acquisition | Cost, normal purchase price | Full call number | Barcode | Copy number | Cost, replacement price | Koha item type | Public note |
|---|---|---|---|---|---|---|---|---|---|---|---|---|---|---|
| Fiction | Patel Nagar | Patel Nagar | 10/07/2018 | BPPD/Pub | 275.00 | N MIS | B-212758 | 275.00 | English Books | |||||
| Fiction | R.C.Libraries (zls) | R.C.Libraries (zls) | 09/11/2018 | 275.00 | N MIS | B-212764 | 1 | 275.00 | English Books | |||||
| Fiction | R.C.Libraries (zls) | R.C.Libraries (zls) | 10/11/2018 | 275.00 | N MIS | B-212774 | 1 | 275.00 | English Books | |||||
| Fiction | Sarojini Nagar | Sarojini Nagar | 02/05/2019 | 275.00 | N MIS | B-212761 | English Books | Withdrawn List Prepared L.No.18/7 | ||||||
| Fiction | Vigyan Vihar | Vigyan Vihar | 07/03/2019 | BPPD/PUB | 275.00 | N MIS | B-212770 | 275.00 | English Books | Withdran List Prepared L.No.18/06 | ||||
| Fiction | Vinoba Puri | Vinoba Puri | 30/03/2009 | Super/45011/02.08.08/186/21.07.08/13.08.08 | 275.00 | N MIS | B-284389 | 1 | 275.00 | English Books |
